000 00970nam a22002777a 4500
001 BR9803697
003 BR-BrBNA
005 20230928100000.0
007 ta
008 230509b bl.||||| |||| 00| 0 por d
040 _aBR-BrBNA
_bpor
_cBiblioteca Nacional de Agricultura
041 _a(Por)
072 _aF02
_b3369
090 _ 3369 BR9803697
100 1 _aAltafin, V.L.
110 1 _aEscola Superior de Agricultura Luiz de Queiroz, Piracicaba, SP (Brasil)
_0Tese (Mestre em Ciencias)
245 1 _aAtividade de glutamina sintetase (E.C. 6.3.1.2)e niveis de proteinas soluveis totais em tecidos de violeta africana (Saintpaulia ionantha H. Wendl.)cultivados in vitro
260 3 _aPiracicaba, SP (Brasil):
_c1998.
300 _a43 p.
500 _a37 ref.; 15 tables; 6 illus.; Summaries (Eng, Por)
650 _aVioleta Africana
650 _aCultura de Tecido
650 _aAtividade Enzimica
909 _a202309
_bLucia
_c55
_dLucia Elande
942 _cBK
999 _c59726
_d59726